| 000 | 00601nam a22001817a 4500 | ||
|---|---|---|---|
| 008 | 170724b xxu||||| |||| 00| 0 eng d | ||
| 020 | _a9780176416317 | ||
| 050 |
_aLB2369 _b.B83 2004 |
||
| 100 | _aBuckley, Joanne | ||
| 245 |
_aFit to print : _bthe canadian student's guide to easy writing _cBuckley, Joanne |
||
| 250 | _a 6th ed | ||
| 260 |
_aAustralia: _bThomson Learning family _bNelson, _c2004 |
||
| 300 |
_avii, 232p. : _bill. ; _c26cm. |
||
| 500 | _aIncludes bibliographical references and index. | ||
| 650 | _aCollege readers | ||
| 650 |
_aEnglish language _xRhetoric |
||
| 942 |
_2lcc _cBK |
||
| 999 |
_c51223 _d51223 |
||